| 000 | 01104nam a2200313 4500 | ||
|---|---|---|---|
| 001 | 50149 | ||
| 003 | BD-RJUL | ||
| 005 | 20211209075451.0 | ||
| 008 | 160823s1990 cou b 001 0 eng | ||
| 020 | _a0813380030 (alk. paper) | ||
| 035 | _aBD-RJUL 50269 | ||
| 035 | _aGLIS00533140 | ||
| 040 |
_aDLC _cDLC _dMYG _beng |
||
| 041 | _aeng | ||
| 082 |
_220 _a384.51 _bCOF 1990 |
||
| 099 | _aTK5104.C58 1990 | ||
| 100 | 1 |
_aCodding, George A. _q(George Arthur) _9150309 |
|
| 245 | 1 | 4 |
_aThe future of satellite communications / _cGeorge A. Codding, Jr. |
| 260 |
_aBoulder, Colo. : _bWestview Press, _c1990. |
||
| 300 |
_avii, 208 p. ; _c23 cm. |
||
| 490 | 1 | _aWestview special studies in science, technology, and public policy | |
| 504 | _aIncludes bibliographical references (p. [191]-201) and index. | ||
| 650 | 0 |
_aArtificial satellites in telecommunication. _9117364 |
|
| 650 | 0 |
_aTelecommunication systems. _9150310 |
|
| 830 | 0 |
_aWestview special studies in science, technology, and public policy. _9150311 |
|
| 942 |
_2ddc _cBK |
||
| 949 |
_aMYGD _b39080007117416 |
||
| 999 |
_c50149 _d50149 |
||